Reinforced concrete structures (Record no. 11959)

000 -LEADER
fixed length control field 00572nam a2200217 a 4500
001 - CONTROL NUMBER
control field 11959
003 - CONTROL NUMBER IDENTIFIER
control field BD-DhUET
008 - FIXED-LENGTH DATA ELEMENTS--GENERAL INFORMATION
fixed length control field 741112s1975 nyua b 001 0 eng
020 ## - INTERNATIONAL STANDARD BOOK NUMBER
International Standard Book Number 0471659177
040 ## - CATALOGING SOURCE
Original cataloging agency DLC
Transcribing agency DLC
Modifying agency BD-DhUET
082 00 - DEWEY DECIMAL CLASSIFICATION NUMBER
Classification number 624.183
Item number PAR/1975
100 1# - MAIN ENTRY--PERSONAL NAME
Personal name Park, R.
245 10 - TITLE STATEMENT
Title Reinforced concrete structures
250 ## - EDITION STATEMENT
Edition statement 1st ed.
260 ## - PUBLICATION, DISTRIBUTION, ETC. (IMPRINT)
Place of publication, distribution, etc. New York
Name of publisher, distributor, etc. John Wiley & sons
Date of publication, distribution, etc. 1975
300 ## - PHYSICAL DESCRIPTION
Extent xvii, 769 p.
Other physical details ill.
Dimensions 24 cm.
504 ## - BIBLIOGRAPHY, ETC. NOTE
Bibliography, etc Includes bibliographies
650 #0 - SUBJECT ADDED ENTRY--TOPICAL TERM
Topical term or geographic name as entry element Reinforced concrete construction
700 ## - ADDED ENTRY--PERSONAL NAME
Personal name Paulay, T.
942 ## - ADDED ENTRY ELEMENTS (KOHA)
Koha item type General Book
Holdings
Location (home branch) Koha full call number Price effective from Lost status Date acquired Shelving location Source of classification or shelving scheme Withdrawn status Not for loan Piece designation (barcode) Koha date last seen Koha item type Koha normalized classification for sorting Copy number Sublocation or collection (holding branch) Damaged status
Central Library, BUET624.183/PAR/19752015-02-22 2015-02-22Circulation section   452222015-02-22General Book624_183000000000000_PAR_19751Central Library, BUET 
Central Library, BUET624.183/PAR/19752015-05-05 2015-05-05Circulation section   534432015-05-05General Book624_183000000000000_PAR_19752Central Library, BUET 
Central Library, BUET624.183/PAR/19752015-05-06 2015-05-06Circulation section   534402015-05-06General Book624_183000000000000_PAR_19753Central Library, BUET 
Central Library, BUET624.183/PAR/19752015-05-07 2015-05-07Circulation section   452212015-05-07General Book624_183000000000000_PAR_19754Central Library, BUET 
Central Library, BUET624.183/PAR/19752015-05-07 2015-05-07Circulation section   511352015-05-07General Book624_183000000000000_PAR_19755Central Library, BUET 
Central Library, BUET624.183/PAR/19752015-06-25 2015-06-25Reading section   449702015-06-25General Book624_183000000000000_PAR_19756Central Library, BUET 
Central Library, BUET624.183 PAR/19752024-06-30 1982-06-16Cataloging section   534392024-06-30General Book624_183000000000000_PAR_19757Central Library, BUET